Statistics for Top 50 Lowest Pokémon Base Stat Totals

Click here to take the quiz!

General Stats

  • This quiz has been taken 268 times
    (34 since last reset)
  • The average score is 23 of 50

Answer Stats

BSTPokemon% Correct
195Caterpie
92%
195Weedle
88%
205Kakuna
84%
200Magikarp
80%
205Metapod
80%
205Pichu
76%
218Cleffa
72%
205Silcoon
72%
205Cascoon
68%
245Togepi
68%
195Wurmple
68%
200Feebas
64%
236Shedinja
64%
180Sunkern
64%
210Igglybuff
60%
190Azurill
56%
220Happiny
56%
175Wishiwashi
56%
200Scatterbug
52%
180Blipbug
48%
200Cosmog
48%
198Ralts
48%
213Spewpa
48%
210Tyrogue
48%
220Poochyena
44%
220Seedot
44%
240Whismur
44%
220Lotad
40%
224Burmy
36%
194Kricketot
36%
240Zigzagoon
36%
244Combee
32%
215Sentret
32%
245Starly
32%
230Wimpod
32%
245Zubat
32%
245Rookidee
28%
185Snom
28%
210Tarountula
28%
210Wooper
28%
237Bunnelby
24%
210Nymble
24%
242Toxel
24%
210Bounsweet
20%
245Nickit
20%
245Noibat
20%
240Rolycoly
20%
240Pawmi
16%
237Makuhita
12%
245Wiglett
8%

Score Distribution

Percentile by Number Answered

Percent of People with Each Score

Your Score History

You have not taken this quiz since the last reset